Moto2 Race Winners - Statistics

General Stats
  • This quiz has been taken 98 times
    27 since last reset
  • The average score is 49 of 62
Answer Stats
Wins Nationality Rider % Correct
8 Spanish Alex Marquez
100%
4 Brazilian Diogo Moreira
100%
16 Spanish Marc Marquez
100%
7 Spanish Augusto Fernandez
94%
8 South African Brad Binder
94%
8 Italian Francesco Bagnaia
94%
8 Spanish Manuel Gonzalez
94%
3 Italian Marco Bezzecchi
94%
4 Spanish Maverick Viñales
94%
8 Spanish Raul Fernandez
94%
6 Japanese Ai Ogura
88%
3 Sammarinese Alex De Angelis
88%
4 Spanish Alex Rins
88%
1 Colombian David Alonso
88%
2 Turkish Deniz Öncü
88%
3 Italian Enea Bastianini
88%
1 Italian Fabio Di Giannantonio
88%
15 French Johann Zarco
88%
3 German Jonas Folger
88%
6 Portuguese Miguel Oliveira
88%
4 Finnish Mika Kallio
88%
10 Spanish Pedro Acosta
88%
6 Australian Remy Gardner
88%
10 British Sam Lowes
88%
12 Swiss Thomas Luthi
88%
3 Spanish Daniel Holgado
82%
8 Italian Franco Morbidelli
82%
7 British Jake Dixon
82%
3 American Joe Roberts
82%
6 Italian Luca Marini
82%
10 Spanish Pol Espargaro
82%
1 Japanese Shoya Tomizawa
82%
2 Thai Somkiat Chantra
82%
5 German Stefan Bradl
82%
7 Spanish Toni Elias
82%
8 Italian Andrea Iannone
76%
8 Italian Celestino Vietti
76%
1 Swiss Dominique Aegerter
76%
1 French Fabio Quartararo
76%
8 Spanish Fermin Aldeguer
76%
1 Czech Karel Abraham
76%
3 British Scott Redding
76%
13 Spanish Tito Rabat
76%
1 Belgian Xavier Simeon
76%
1 Australian Anthony West
71%
5 Spanish Aron Canet
71%
2 Spanish Jorge Martin
71%
5 Italian Lorenzo Baldassarri
71%
3 Spanish Nicolas Terol
71%
2 Spanish Sergio Garcia
71%
2 Japanese Takaaki Nakagami
71%
2 Spanish Izan Guevara
65%
2 Italian Mattia Pasini
65%
4 Australian Senna Agius
65%
6 Italian Tony Arbolino
65%
1 Spanish Jordi Torres
59%
1 French Jules Cluzel
59%
1 Japanese Yuki Takahashi
59%
3 Spanish Alonso Lopez
53%
1 Italian Michele Pirro
53%
1 Japanese Tetsuta Nagashima
53%
1 Italian Roberto Rolfo
47%
No matching quizzes found
Score Distribution
Percent of People with Each Score
Percentile by Number Answered
Your Score History
You have not taken this quiz since the last reset